LEADER 04303nam 2200841Ia 450 001 9910973569403321 005 20251116183531.0 010 $a9786613430137 010 $a9781283430135 010 $a1283430134 010 $a9783110255041 010 $a3110255049 024 7 $a10.1515/9783110255041 035 $a(CKB)3360000000338478 035 $a(EBL)799414 035 $a(OCoLC)769190332 035 $a(SSID)ssj0000560067 035 $a(PQKBManifestationID)11367798 035 $a(PQKBTitleCode)TC0000560067 035 $a(PQKBWorkID)10569663 035 $a(PQKB)10896711 035 $a(MiAaPQ)EBC799414 035 $a(DE-B1597)123593 035 $a(OCoLC)979745320 035 $a(OCoLC)984550089 035 $a(OCoLC)987936910 035 $a(OCoLC)992454127 035 $a(OCoLC)999355190 035 $a(DE-B1597)9783110255041 035 $a(Au-PeEL)EBL799414 035 $a(CaPaEBR)ebr10515798 035 $a(CaONFJC)MIL343013 035 $a(Perlego)652629 035 $a(iGPub)CSPLUS0033335 035 $a(EXLCZ)993360000000338478 100 $a20110824d2011 uy 0 101 0 $aeng 135 $aurnn#---|u||u 181 $ctxt 182 $cc 183 $acr 200 10$aOld Russian possessive constructions $ea construction grammar approach /$fby Hanne Martine Eckhoff 205 $a1st ed. 210 $aBerlin ;$aBoston $cDe Gruyter Mouton$d2011 215 $a1 online resource (228 p.) 225 0 $aTrends in linguistics. Studies and monographs ;$v237 300 $aDescription based upon print version of record. 311 0 $a9783110255034 311 0 $a3110255030 320 $aIncludes bibliographical references and index. 327 $tFront matter --$tContents --$tAcknowledgements --$tList of abbreviations --$tChapter 1. Introduction --$tChapter 2. A map of the possessive semantic space --$tChapter 3. The constructions in Old Russian --$tChapter 4. ID: Reference points on instance level --$tChapter 5. The ELAB nodes: Intrinsic relationships --$tChapter 6. Types and conventionalised units: TYPE and LABEL --$tChapter 7. Synchrony and diachrony --$tChapter 8. Concluding remarks --$tAppendix: Corpus and method --$tNotes --$tReferences --$tIndex 330 $aThis book is a detailed study of the possessive semantic space within the framework of construction grammar. Using corpus data from Old Church Slavonic and Old Russian, the book uses semantic maps to document the relationship between form and meaning in a set of semantically closely related syntactic constructions that can all express adnominal possession and all partially overlap. The book also traces the development of these constructions from the earliest Slavic attestations towards Modern Russian, thus also using the semantic maps as a diachronic tool. This approach results in a much improved analysis of the data at hand: The competing possessive constructions are treated as partly synonymous constructions in the same semantic space. Changes are then seen to follow paths in this space. The constructionist perspective also allows discerning the relative contributions of the possessor nominal, the possessee nominal and properties of the constructions themselves. The book is a contribution to Slavic historical linguistics, to the general understanding of adnominal possession and to forwarding functionalist approaches to syntactic change. 410 0$aTrends in Linguistics. Studies and Monographs [TiLSM] 606 $aRussian language$yTo 1300$xNoun 606 $aRussian language$y1300-1700$xNoun 606 $aRussian language$xSyntax$xHistory 606 $aRussian language$yTo 1300$xGrammar, Generative 606 $aRussian language$y1300-1700$xGrammar, Generative 615 0$aRussian language$xNoun. 615 0$aRussian language$xNoun. 615 0$aRussian language$xSyntax$xHistory. 615 0$aRussian language$xGrammar, Generative. 615 0$aRussian language$xGrammar, Generative. 676 $a491.7/701 686 $aKE 1396$2rvk 700 $aEckhoff$b Hanne Martine$01608627 801 0$bMiAaPQ 801 1$bMiAaPQ 801 2$bMiAaPQ 906 $aBOOK 912 $a9910973569403321 996 $aOld Russian possessive constructions$94550907 997 $aUNINA LEADER 04090oam 2201129 a 450 001 9910962157803321 005 20251107091820.0 010 $a979-88-8182-379-5 010 $a979-82-16-34309-7 010 $a1-282-97710-5 010 $a9786612977107 010 $a1-4422-0813-9 024 7 $a10.5040/9798881823795 035 $a(CKB)2670000000070507 035 $a(EBL)654154 035 $a(OCoLC)701704918 035 $a(SSID)ssj0000471262 035 $a(PQKBManifestationID)12187579 035 $a(PQKBTitleCode)TC0000471262 035 $a(PQKBWorkID)10435372 035 $a(PQKB)11012668 035 $a(Au-PeEL)EBL654154 035 $a(CaPaEBR)ebr10444486 035 $a(CaONFJC)MIL297710 035 $a(MiAaPQ)EBC654154 035 $a(OCoLC)701704918$z(OCoLC)781471505$z(OCoLC)842699920 035 $a(UkLoBP)BP9798881823795BC 035 $a(EXLCZ)992670000000070507 100 $a20110309d2010 uy 0 101 0 $aeng 135 $aurcn||||||||| 181 $ctxt$2rdacontent 182 $cc$2rdamedia 183 $acr$2rdacarrier 200 00$aStudies in medieval and renaissance culture $ereviews /$fedited by Paul Maurice Clogan 210 $aLanham $cRowman & Littlefield Pub. Group$d2011 210 2$aNew York :$cBloomsbury Publishing(US),$d2011. 215 $a1 online resource (328 pages) 225 1 $aMedievalia et humanistica,$x0076-6127 311 08$a1-4422-0812-0 320 $aIncludes bibliographical references. 327 $aFront matter; The Ultimate Transgression of the Courtly World; One Mind, One Heart, One Purse; Solving Dorigen's Trilemma; What Were the Ladies in the City of Ladies Reading?; Review Articles: England and Iberia; Review Articles: English Regional Identity; Review Articles: Alternative Christianities, Part I; Review Articles: Alternative Christianities, Part II; Review Notices; Books Received 330 $aSince its founding in 1943, Medievalia et Humanistica has won worldwide recognition as the first scholarly publication in America to devote itself entirely to medieval and Renaissance studies. Since 1970, a new series, sponsored by the Modern Language Association of America and edited by an international board of distinguished scholars and critics, has published interdisciplinary articles. In yearly hardcover volumes, the new series publishes significant scholarship, criticism, and reviews treating all facets of medieval and Renaissance culture: history, art, literature, music, science, law, etc. 410 0$aMedievalia et humanistica ;$v36. 606 $aMedieval$2bisacsh 606 $aRenaissance$2fast$3(OCoLC)fst01094518 606 $aMiddle Ages$2fast$3(OCoLC)fst01020301 606 $aCivilization, Medieval$2fast$3(OCoLC)fst00863049 606 $aLITERARY CRITICISM$2bisacsh 606 $aHISTORY$2bisacsh 606 $aRenaissance 606 $aCivilization, Medieval 606 $aRenaissance$2bisacsh 606 $aMiddle Ages 615 7$aMedieval. 615 7$aRenaissance. 615 7$aMiddle Ages. 615 7$aCivilization, Medieval. 615 7$aLITERARY CRITICISM. 615 7$aHISTORY. 615 0$aRenaissance. 615 0$aCivilization, Medieval. 615 7$aRenaissance. 615 0$aMiddle Ages. 676 $a940.105 700 $aClogan$b Paul Maurice$0189970 712 02$aBloomsbury (Firm), 801 0$bEBLCP 801 1$bEBLCP 801 2$bOCLCQ 801 2$bMHW 801 2$bOCLCQ 801 2$bDEBSZ 801 2$bOCLCQ 801 2$bZCU 801 2$bMERUC 801 2$bICG 801 2$bOCLCO 801 2$bOCLCF 801 2$bOCLCQ 801 2$bOCLCO 801 2$bOCLCQ 801 2$bDKC 801 2$bAU@ 801 2$bOCLCQ 801 2$bOCLCO 801 2$bOCLCQ 801 2$bOCLCO 801 2$bOCLCL 801 2$bOCLCQ 801 2$bCLOUD 801 2$bOCLCQ 801 2$bUtOrBLW 906 $aBOOK 912 $a9910962157803321 996 $aStudies in medieval and renaissance culture$94454265 997 $aUNINA